Social and Behavioral Aspects of Pharmaceutical Care (Record no. 18793)
[ view plain ]
| 000 -LEADER | |
|---|---|
| fixed length control field | 00510nam a22001577a 4500 |
| 008 - FIXED-LENGTH DATA ELEMENTS--GENERAL INFORMATION | |
| fixed length control field | 210212b xxu||||| |||| 00| 0 eng d |
| 020 ## - INTERNATIONAL STANDARD BOOK NUMBER | |
| International Standard Book Number | 1560249528 |
| 050 ## - LIBRARY OF CONGRESS CALL NUMBER | |
| Classification number | RS92 |
| Item number | .S65 1996 c.3 |
| 245 ## - TITLE STATEMENT | |
| Title | Social and Behavioral Aspects of Pharmaceutical Care |
| Statement of responsibility, etc. | Edited by Mickey C. Smith & Albert I. Wertheimer |
| 260 ## - PUBLICATION, DISTRIBUTION, ETC. (IMPRINT) | |
| Place of publication, distribution, etc. | New York |
| Name of publisher, distributor, etc. | Informa healthcare |
| Date of publication, distribution, etc. | 1996 |
| 300 ## - PHYSICAL DESCRIPTION | |
| Extent | 835p. |
| 650 ## - SUBJECT ADDED ENTRY--TOPICAL TERM | |
| Topical term or geographic name as entry element | Pharmacy |
| Form subdivision | social aspects |
| 650 ## - SUBJECT ADDED ENTRY--TOPICAL TERM | |
| Topical term or geographic name as entry element | Pharmacy management |
| 650 ## - SUBJECT ADDED ENTRY--TOPICAL TERM | |
| Topical term or geographic name as entry element | Pharmacist and patient |
| 942 ## - ADDED ENTRY ELEMENTS (KOHA) | |
| Source of classification or shelving scheme | Library of Congress Classification |
| Koha item type | General Collection |
| Withdrawn status | Lost status | Source of classification or shelving scheme | Not for loan | Home library | Current library | Date acquired | Cost, normal purchase price | Total Checkouts | Full call number | Barcode | Date last seen | Price effective from | Koha item type | Date last checked out |
|---|---|---|---|---|---|---|---|---|---|---|---|---|---|---|
| Library of Congress Classification | Kabarak, Main Campus | Kabarak, Main Campus | 12/02/2021 | 13285.00 | RS92 .S65 1996 c.1 | 029577 | 12/02/2021 | 12/02/2021 | General Collection | |||||
| Library of Congress Classification | Kabarak, Main Campus | Kabarak, Main Campus | 12/02/2021 | 13285.00 | RS92 .S65 1996 c.2 | 029578 | 12/02/2021 | 12/02/2021 | General Collection | |||||
| Library of Congress Classification | Kabarak, Main Campus | Kabarak, Main Campus | 12/02/2021 | 13285.00 | RS92 .S65 1996 c.3 | 029579 | 12/02/2021 | 12/02/2021 | General Collection | |||||
| Library of Congress Classification | Kabarak, Main Campus | Kabarak, Main Campus | 12/02/2021 | 13285.00 | 1 | RS92 .S65 1996 c.4 | 029580 | 21/08/2024 | 12/02/2021 | General Collection | 07/08/2024 | |||
| Library of Congress Classification | Kabarak, Main Campus | Kabarak, Main Campus | 12/02/2021 | 13285.00 | 1 | RS92 .S65 1996 c.5 | 029581 | 14/04/2021 | 12/02/2021 | General Collection | 09/04/2021 |